000 00521nam a2200181Ia 4500
008 090124s9999 xx 000 0 und d
082 _b36900
100 _aधारप नारायण
245 _a उत्तररंग
250 _a1
260 _bदिलीप प्रकाशन
_c2000
300 _a204
600 _aधारप नारायण
630 _a उत्तररंग
700 _aधारप नारायण
730 _a उत्तररंग
942 _cBOOK
999 _c102824
_d102824